000 00335nam a2200109Ia 4500
008 171204s9999 xx 000 0 und d
245 4 _aThe Public Prints: The Newspaper in Anglo-American Culture, 1665-1740:
245 _cCharles E. Clark
260 _c1994
650 _xHistory
856 _uhttp://down.ebook777.com/063/0195082338.pdf
999 _c345574
_d345574